000 01244nam a2200289 c 4500
999 _c432698
_d432698
003 BLK
005 20240601131510.0
008 180410b bul|||||r ||||||| ||bul||
010 _aKNG00170130000
020 _a9786191810178
040 _aBLK
041 _aBUL
_cBUL
072 7 _2bullib
_aН85
_xДетска художествена литература Н
080 _aБългарска литература
_b821.163.2
_x-93-312.9
_z821.163.2-93-312.9
139 _aПриказки за Хитър Петър
_bП 87
245 1 0 _aПриказки за Хитър Петър
_cГалина Златина
257 _aBGR
260 _bЗлатното пате
_c2014
_aСофия
300 _a128 с.
_bс ил.
_c24 см
380 _aDX
490 _aИзбрана класика за ученика
_v17
_9207764
700 _aЗлатарева, Галина Йорданова
_eадапт.
_9421
_gГалина Златина - псевд. на Галина Йорданова Златарева. Изнасяме в редно поле Златарева, Галина Йорданова
942 _cKNG
_n0
_s1
_05
944 _aCR
_c2021-09-24
_k30542
_lРусанова Ирена
999 _d432698
999 _d432698